| 000 | 00618nam a2200217Ii 4500 | ||
|---|---|---|---|
| 001 | 14968 | ||
| 003 | CO-ViMGA | ||
| 008 | 241108s9999||||xx |||||||||||||| ||und|| | ||
| 020 | _a9789588281933 | ||
| 040 |
_aCO-ViMGA _bspa _erda _cCO-ViMGA |
||
| 041 | 0 | _aspa | |
| 082 | 0 | 4 | _a303.620 L66e |
| 100 | 1 |
_aOscar Ramiro López Castaño _950996 |
|
| 245 | 1 | 0 | _aEstéticas del desarraigo |
| 264 | 1 | _aBogotá, Colombia : EAFIT, 2008 | |
| 300 | _avolumen | ||
| 336 |
_atext _btxt _2rdacontent |
||
| 337 |
_aunmediated _bn _2rdamedia |
||
| 338 |
_avolume _bnc _2rdacarrier |
||
| 940 | _aidficha_siabuc: 14658. -- ficha_no_siabuc:14968 | ||
| 999 |
_c45698 _d45698 |
||